00312nam a2200109Ia 4500008004100000082000800041100001000049245002300059942000600082952009900088999001500187240331s9999 xx 000 0 und d bAMP aAmpai 0aAmpai cirukataikal cL 001040708LaWERCLbWERCLcSSCd2024-03-31l0o 894.811 AMPp5431r2024-03-31w2024-03-31yL c2711d2711